Montagne par image #1 - Statistiques

Statistiques générales
  • Ce quiz a été pris 60 fois
  • Le résultat moyen est 5 sur 16
Statistiques - réponses
Par images Réponse % Correct
Mont Blanc
94%
Mont Cervin
92%
Barre des Ecrins
44%
Mont Ventoux
42%
Mont Aiguille
36%
Pointe Dufour
32%
Grandes Jorasses
28%
La Meije
26%
Aiguilles d'Arve
22%
Grande Casse
20%
Mont Viso
18%
Grand Paradis
14%
Dents du Midi
12%
Grand Combin
10%
Mont Pourri
10%
Weisshorn
6%
Aucun quiz correspondant
Distribution des résultats
% des personnes avec chaque résultat
Percentile par nombre de réponses
Votre historique - résultats
Vous n’avez pas pris ce quiz